00000000nam 2200000za 4500
0019.653210
003CaOODSP
00520241122114154
007ta
008150407s1992||||xxc|||||     f|0| 0 fre d
020 |a0-662-59121-6
040 |aCaOODSP|bfre
041 |aeng
041 |afre
043 |an-cn---
0861 |aCo22-116/1992
1101 |aCanada. |bCommunications Canada.
24513|aLa gestion du spectre au Canada / |cPublié par Gestion du spectre.
260 |aOttawa - Ontario : |bCommunications Canada |c1992.
300 |aTexte français, 6p. ; |c28 cm.
546 |aBilingue
563 |aCouverture souple
590 |a92-46|b1992-11-13
69107|aRadio|2gcpds
69107|aTélécommunications|2gcpds
7760#|tLa gestion du spectre au Canada.|w(CaOODSP)9.945455
791 |tSpectrum management in Canada / |eeng|w(CaOODSP)9.653209